书目信息 |
| 题名: |
食品添加剂手册
|
|
| 作者: | 郡司笃孝 原著 ;刘纯洁 , 张娟婷 编译 | |
| 分册: | ||
| 出版信息: | 北京 中国展望出版社 1988 |
|
| 页数: | 256页 | |
| 开本: | 19cm | |
| 丛书名: | ||
| 单 册: | ||
| 中图分类: | TS202.9 , TS202-62 | |
| 科图分类: | ||
| 主题词: | 食品添加剂--手册 | |
| 电子资源: | ||
| ISBN: | 7-5050-0135-3 | |
| 000 | 00817nam0 2200277 450 | |
| 001 | 0199917246 | |
| 005 | 20100713055125.0 | |
| 010 | @a7-5050-0135-3@dCNY2.80 | |
| 011 | @a7-5050-0135-3 | |
| 100 | @a20030127d1988 em y0chiy0110 ea | |
| 101 | 1 | @achi@cjpn |
| 102 | @aCN@b110000 | |
| 105 | @ay z 001yy | |
| 106 | @ar | |
| 200 | 1 | @a食品添加剂手册@9Shi;Si Pin Tian Jia Ji Shou Ce @f(日)郡司笃孝原著@g刘纯洁, 张娟婷编译 |
| 210 | @a北京@c中国展望出版社@d1988 | |
| 215 | @a256页@d19cm | |
| 300 | @a封面责任者题:张娟亭 | |
| 606 | 0 | @a食品添加剂@j手册 |
| 690 | @aTS202.9@v4 | |
| 690 | @aTS202-62@v4 | |
| 701 | 0 | @a郡司笃孝@9jun si du xiao@4原著 |
| 702 | 0 | @a刘纯洁@9liu chun jie@4编译 |
| 702 | 0 | @a张娟婷@9zhang juan ting@4编译 |
| 801 | 0 | @aCN@b91MARC@c20130904 |
| 905 | @aBZT@dTS202.9@e5@f2@sTS202.9/5 | |
| 食品添加剂手册/(日)郡司笃孝原著/刘纯洁, 张娟婷编译.-北京:中国展望出版社,1988 |
| 256页;19cm |
| 封面责任者题:张娟亭 |
| ISBN 7-5050-0135-3:CNY2.80 |
| ● |
| 相关链接 |
|
|
|
正题名:食品添加剂手册
索取号:TS202.9/5
 
预约/预借
| 序号 | 登录号 | 条形码 | 馆藏地/架位号 | 状态 | 备注 |
| 1 | 2000142195 | 2000142195 | 旧书回溯/ [索取号:TS202.9/5] | 在馆 | |
| 2 | 2000143260 | 2000143260 | 旧书回溯/ [索取号:TS202.9/5] | 在馆 |